000 00706cam a22002413a 4500
001 14655
003 PGUSA
005 20140828083319.0
008 050110s2005||||xxu|||||s|||||000 | eng d
040 _aPGUSA
_beng
042 _adc
050 4 _aG
100 1 _aShaw, Edward R.
_q(Edward Richard),
_d1855-1903
245 1 0 _aBig People and Little People of Other Lands
_h[electronic resource] /
_cEdward R. Shaw
260 _bProject Gutenberg,
_c2005
506 _aPublic domain in the USA.
516 _aElectronic text
653 _aReaders -- Geography
653 _aChildren's literature
830 0 _aProject Gutenberg
_v14655
856 4 0 _uhttp://www.gutenberg.org/ebooks/14655
942 _cEB
999 _c243910
_d243910